|
|
|
|
| LEADER |
00000cas a2200000 a 4500 |
| 001 |
vtls008879219 |
| 003 |
SK-MaSNL |
| 005 |
20260228162145.0 |
| 008 |
061120c20029999xo ax|p 0 b0slo |
| 040 |
|
|
|a SNK
|b slo
|c SNK
|e AACR2
|
| 041 |
0 |
|
|a slo
|
| 043 |
|
|
|a e-xo---
|
| 044 |
|
|
|a xo
|c SK
|
| 072 |
|
7 |
|a 316.7
|x Sociológia kultúry. Kultúrny život
|2 konspekt
|
| 072 |
|
7 |
|a 394
|x Verejný a spoločenský život. Každodenný život
|2 konspekt
|
| 072 |
|
7 |
|a 352/354
|x Stupne miestnej, oblastnej a ústrednej správy
|2 konspekt
|
| 080 |
|
|
|a 316.728
|2 2011
|
| 080 |
|
|
|a 394
|2 2011
|
| 080 |
|
|
|a 353.9
|2 2011
|
| 080 |
|
|
|a (437.612)
|2 2011
|
| 080 |
|
|
|a (051)+(054)
|2 2011
|
| 080 |
|
|
|a 050
|2 2011
|
| 245 |
0 |
0 |
|a Búranské zvesti
|
| 260 |
|
|
|a V Borskom Mikuláši
|b Obecný úrad
|c 2002-
|
| 300 |
|
|
|a zv.
|c 30-32 cm
|
| 310 |
|
|
|a 1x ročne
|b 2006-
|
| 321 |
|
|
|a 2x ročne
|b 2002-2005
|
| 362 |
0 |
|
|a Roč. 1, č. 1 (2002)-
|
| 500 |
|
|
|a Popis podľa: Roč. 2, č. 2 (2003)
|
| 500 |
|
|
|a Registračné č.: T-1/2002
|
| 500 |
|
|
|a Vedúca redaktorka: [2002]- , Oľga Cintulová
|
| 500 |
|
|
|a Časopis v r. 2008 nevydali
|
| 650 |
0 |
7 |
|a každodenný život
|2 SNKPH
|9 4946
|
| 650 |
0 |
7 |
|a územná samospráva
|2 SNKPH
|9 802
|
| 651 |
|
7 |
|a Borský Mikuláš (Slovensko)
|2 SNKPHgeo
|9 84425
|
| 655 |
|
7 |
|a miestne periodiká
|2 SNKPH
|9 160938
|
| 700 |
1 |
|
|a Cintulová, Oľga
|4 pbd
|9 270487
|
| 752 |
|
|
|a Slovensko
|d Borský Mikuláš
|
| 856 |
4 |
1 |
|u https://www.borskymikulas.sk/buranske-zvesti.phtml?id5=2840
|
| 910 |
|
|
|a snk
|
| 999 |
|
|
|c 6971
|d 8901
|
| 952 |
|
|
|0 0
|1 0
|3 Spoločne zviazané r. 2003-2007,2009-2010
|4 0
|7 0
|8 0
|a SNK
|b SNK
|d 2019-08-16
|i snk2019/21011
|l 0
|o snkČSB 7237/2/2003
|p 17A1370429
|r 2026-02-21 22:28:56
|t č. 1-2, neúplné
|w 2026-02-21
|y PREZ
|z Chýba č. 1. ; Spoločne zviazané r. 2003-2007,2009-2010
|
| 952 |
|
|
|0 0
|1 0
|3 Spoločne zviazané r. 2003-2007,2009-2010
|4 0
|7 0
|8 0
|a SNK
|b SNK
|d 2019-08-16
|i snk2019/21011
|l 0
|o snkČSB 7237/3/2004
|p 17A1370428
|r 2026-02-21 22:28:56
|t č. 1-2, neúplné
|w 2026-02-21
|y PREZ
|z Chýba č. 2. ; Spoločne zviazané r. 2003-2007,2009-2010
|
| 952 |
|
|
|0 0
|1 0
|3 Spoločne zviazané r. 2003-2007,2009-2010
|4 0
|7 0
|8 0
|a SNK
|b SNK
|d 2019-08-16
|i snk2019/21011
|l 0
|o snkČSB 7237/4/2005
|p 17A1370427
|r 2026-02-21 22:28:56
|t č. 1-2
|w 2026-02-21
|y PREZ
|z Spoločne zviazané r. 2003-2007,2009-2010
|
| 952 |
|
|
|0 0
|1 0
|3 Spoločne zviazané r. 2003-2007,2009-2010
|4 0
|7 0
|8 0
|a SNK
|b SNK
|d 2019-08-16
|i snk2019/21011
|l 0
|o snkČSB 7237/5/2006
|p 17A1370426
|r 2026-02-21 22:28:56
|t č. 1
|w 2026-02-21
|y PREZ
|z Spoločne zviazané r. 2003-2007,2009-2010
|
| 952 |
|
|
|0 0
|1 0
|3 Spoločne zviazané r. 2003-2007,2009-2010
|4 0
|7 0
|8 0
|a SNK
|b SNK
|d 2019-08-16
|i snk2019/21011
|l 0
|o snkČSB 7237/6/2007
|p 17A1370425
|r 2026-02-21 22:28:56
|t č. 1
|w 2026-02-21
|y PREZ
|z Spoločne zviazané r. 2003-2007,2009-2010
|
| 952 |
|
|
|0 0
|1 0
|3 Spoločne zviazané r. 2003-2007,2009-2010
|4 0
|7 0
|8 0
|a SNK
|b SNK
|d 2019-08-16
|i snk2019/21011
|l 0
|o snkČSB 7237/7/2009
|p 17A1370424
|r 2026-02-21 22:28:56
|t č. 1
|w 2026-02-21
|y PREZ
|z Spoločne zviazané r. 2003-2007,2009-2010
|
| 952 |
|
|
|0 0
|1 0
|3 Spoločne zviazané r. 2003-2007,2009-2010
|4 0
|7 0
|8 0
|a SNK
|b SNK
|d 2019-08-16
|i snk2019/21011
|l 0
|o snkČSB 7237/8/2010
|p 17A1370423
|r 2026-02-21 22:28:56
|t č. 1
|w 2026-02-21
|y PREZ
|z Spoločne zviazané r. 2003-2007,2009-2010
|
| 952 |
|
|
|0 0
|1 0
|3 Spoločne zviazané r. 2011-2018
|4 0
|7 0
|8 0
|a SNK
|b SNK
|d 2019-08-16
|i snk2019/21011
|l 0
|o snkČSB 7237/9/2011
|p 17A1370422
|r 2026-02-21 22:28:56
|t č. 1
|w 2026-02-21
|y PREZ
|z Spoločne zviazané r. 2011-2018
|
| 952 |
|
|
|0 0
|1 0
|3 Spoločne zviazané r. 2011-2018
|4 0
|7 0
|8 0
|a SNK
|b SNK
|d 2019-08-16
|i snk2019/21011
|l 0
|o snkČSB 7237/11[10]/2012
|p 17A1370421
|r 2026-02-21 22:28:56
|t č. 1
|w 2026-02-21
|y PREZ
|z Spoločne zviazané r. 2011-2018
|
| 952 |
|
|
|0 0
|1 0
|3 Spoločne zviazané r. 2011-2018
|4 0
|7 0
|8 0
|a SNK
|b SNK
|d 2019-08-16
|i snk2019/21011
|l 0
|o snkČSB 7237/12[11]/2013
|p 17A1370420
|r 2026-02-21 22:28:56
|t č. 1
|w 2026-02-21
|y PREZ
|z Spoločne zviazané r. 2011-2018
|
| 952 |
|
|
|0 0
|1 0
|3 Spoločne zviazané r. 2011-2018
|4 0
|7 0
|8 0
|a SNK
|b SNK
|d 2019-08-16
|i snk2019/21011
|l 0
|o snkČSB 7237/13[12]/2014
|p 17A1370418
|r 2026-02-21 22:28:56
|t č. 1
|w 2026-02-21
|y PREZ
|z Spoločne zviazané r. 2011-2018
|
| 952 |
|
|
|0 0
|1 0
|3 Spoločne zviazané r. 2011-2018
|4 0
|7 0
|8 0
|a SNK
|b SNK
|d 2019-08-16
|i snk2019/21011
|l 0
|o snkČSB 7237/14[13]/2015
|p 17A1370417
|r 2026-02-21 22:28:56
|t č. 1
|w 2026-02-21
|y PREZ
|z Spoločne zviazané r. 2011-2018
|
| 952 |
|
|
|0 0
|1 0
|3 Spoločne zviazané r. 2011-2018
|4 0
|7 0
|8 0
|a SNK
|b SNK
|d 2019-08-16
|i snk2019/21011
|l 0
|o snkČSB 7237/15[14]/2016
|p 17A1370416
|r 2026-02-21 22:28:56
|t č. 1
|w 2026-02-21
|y PREZ
|z Spoločne zviazané r. 2011-2018
|
| 952 |
|
|
|0 0
|1 0
|3 Spoločne zviazané r. 2011-2018
|4 0
|7 0
|8 0
|a SNK
|b SNK
|d 2019-08-16
|i snk2019/21011
|l 0
|o snkČSB 7237/16[15]/2017
|p 17A1370415
|r 2026-02-21 22:28:56
|t č. 1
|w 2026-02-21
|y PREZ
|z Spoločne zviazané r. 2011-2018
|
| 952 |
|
|
|0 0
|1 0
|3 Spoločne zviazané r. 2011-2018
|4 0
|7 0
|8 0
|a SNK
|b SNK
|d 2019-08-16
|i snk2019/21011
|l 0
|o snkČSB 7237/17[16]/2018
|p 17A1370414
|r 2026-02-21 22:28:56
|t č. 1
|w 2026-02-21
|y PREZ
|z Spoločne zviazané r. 2011-2018
|